Online
Catalog

Informe cuatrimestral sobre la economía dominicana : (Record no. 31260)

MARC details
000 -CABECERA
campo de control de longitud fija 01058nam a2200217 a 4500
001 - NÚMERO DE CONTROL
campo de control 000031768
003 - IDENTIFICADOR DEL NÚMERO DE CONTROL
campo de control DO-SdBNP
005 - FECHA Y HORA DE LA ÚLTIMA TRANSACCIÓN
campo de control 20250306133559.0
008 - DATOS DE LONGITUD FIJA--INFORMACIÓN GENERAL
campo de control de longitud fija 110701s1994 dr d 000 0 spa d
040 ## - FUENTE DE LA CATALOGACIÓN
Centro catalogador/agencia de origen DO-SdBNP
Lengua de catalogación spa
Centro/agencia transcriptor BNPHU
049 ## - FONDOS LOCALES (OCLC)
Fondos de biblioteca BNPD
110 1# - ENTRADA PRINCIPAL--NOMBRE DE ENTIDAD CORPORATIVA
Nombre de entidad corporativa o nombre de jurisdicción como elemento de entrada Universidad Autónoma de Santo Domingo
Unidad subordinada Unidad de Investigaciones Económicas
-- Facultad de Ciencias Económicas y Sociales
-- Departamento de Económicas
9 (RLIN) 72951
245 10 - MENCIÓN DE TÍTULO
Título Informe cuatrimestral sobre la economía dominicana :
Resto del título período enero-abril 1994 /
Mención de responsabilidad, etc. presentación Edylberto Cabral Ramírez ; introducción América Bastidas Castañeda.
246 11 - FORMA VARIANTE DE TÍTULO
Título propio/Titulo breve Análisis conyuntural de la economía dominicana, período enero-abril 1994 :
Resto del título Informe cuatrimestral 1994
260 ## - PUBLICACIÓN, DISTRIBUCIÓN, ETC.
Lugar de publicación, distribución, etc. Santo Domingo :
Nombre del editor, distribuidor, etc. Unidad de Investigaciones Económicas :,
Fecha de publicación, distribución, etc. 1994.
300 ## - DESCRIPCIÓN FÍSICA
Extensión 46 p. :
Otras características físicas diagrs. ;
Dimensiones 22 cm.
490 0# - MENCIÓN DE SERIE
Mención de serie Publicaciones de la Universidad Autonóma de Santo Domingo
700 1# - PUNTO DE ACCESO ADICIONAL--NOMBRE DE PERSONA
Nombre de persona Cabral Ramírez, Edylberto
9 (RLIN) 19529
700 1# - PUNTO DE ACCESO ADICIONAL--NOMBRE DE PERSONA
Nombre de persona Bastidas Castañeda, América,
Término indicativo de función/relación introd.
9 (RLIN) 32079
942 ## - ELEMENTOS DE PUNTO DE ACCESO ADICIONAL (KOHA)
Fuente del sistema de clasificación o colocación Dewey Decimal Classification
Tipo de ítem Koha Folleto
Holdings
Estado de retiro Estado de pérdida Restricciones de uso No para préstamo Código de colección Localización permanente Ubicación/localización actual Ubicación en estantería Fecha de adquisición Número de inventario Total de préstamos Signatura topográfica completa Código de barras Fecha visto por última vez Número de copia Precio válido a partir de Tipo de ítem Koha
        Dominicana de Servicio General General En catalogación 31.08.2011 LF1   31768-30 25.06.2020 e. 3 25.06.2020 Libro y Folleto Colección Dominicana de Servicio
      Excluido de préstamo Patrimonio Dominicano Patrimonio Dominicano Patrimonio Dominicano En catalogación 01.07.2011 LF1   31768-10 25.06.2020   25.06.2020 Libro y Folleto Colección Patrimonio Dominicano
      Excluido de préstamo Patrimonio Dominicano Patrimonio Dominicano Patrimonio Dominicano En catalogación 31.08.2011 LF1   31768-20 25.06.2020 e. 2 25.06.2020 Libro y Folleto Colección Patrimonio Dominicano

Powered by Koha